000 00605nam a2200229Ia 4500
003 OSt
005 20220923230450.0
006 a|||||r|||| 00| 0
007 ta
008 Pun
024 _a282,234
037 _cTextual
040 _aARTS
_cARTS
_bPun
041 _2Pun
_aPun
082 _aO153,3N321,ZA, M1
100 _aਅਣਖੀ, ਰਾਮ ਸਰੂਪ
245 0 _aਗ਼॥ਮੀ ਅਤੀਤ
260 _c1981
650 _aਪੰਜਾਬੀ ਸਾਹਿਤ
942 _hO153,3N321,ZA, M1
_cTEXL
_2CC
999 _c385001
_d385001